| 000 | 00577nam a22001937a 4500 | ||
|---|---|---|---|
| 999 |
_c167577 _d167577 |
||
| 005 | 20190912153448.0 | ||
| 010 | _aENG-126461 | ||
| 020 |
_c849.00 _a978-93-530-6785-4 |
||
| 035 | _aEN-109993 | ||
| 037 | _bDBAD/PUB | ||
| 082 | _a339 | ||
| 100 | _aPerloff, Jeffery M. | ||
| 245 |
_aMicroeconomics/ _c Jeffery M. Perloff |
||
| 250 | _aSeventh Edition | ||
| 260 |
_aU.P _bPearson _c2019 |
||
| 270 |
_bNoida _a15th Floor, Tower-B,World Trade Tower,Plot No. 1, Block-C, Sector 16,, _e201301 |
||
| 300 |
_a800p. _c25cm(pbk) _bill |
||
| 942 |
_2ddc _cEN _h339 _mPER |
||